000
00283nam a2200133Ia 4500
100
_a
Spivakovsky/Dyachkov
942
_c
BK
654
_a
Conveyors
245
_a
Conveyors & Related Equipment
260
_b
Peace publishers
082
_a
621.8
300
_a
444
546
_a
ENGLISH
999
_c
28530
_d
28530